A pilot sampling scheme in the regenerated forests of Perak - 1956 project M. 8 - research programme

Bibliographic Details
Main Author: COUSENS
Corporate Author: Institut Penyelidikan Perhutanan Malaysia (FRIM)
Format: Book
Published: Kuala Lumpur : Forest Department , 1958
Series:Research pamphlet ; no. 23
Subjects:

MARC

LEADER 00000cam a2200000 7i4500
001 0000003097
005 20040521.0
090 0 0 |a RP634.909595114   |b COU 1958 
100 1 0 |a COUSENS   |h J. E. 
245 1 2 |a A pilot sampling scheme in the regenerated forests of Perak - 1956 project M. 8 - research programme   |c by J. E. Cousens 
260 0 0 |a Kuala Lumpur :   |b Forest Department ,   |c 1958 
300 |a 23 p. ;   |c 34 cm. 
440 0 0 |a Research pamphlet ; no. 23 
650 0 0 |a Forests and forestry   |z Perak   |x Research 
710 1 1 |a Institut Penyelidikan Perhutanan Malaysia (FRIM) 
998 |a JPSM 
999 |a 0000005475   |b Monograph   |c Open Shelf   |e Default branch 
999 |a 0000005476   |b Monograph   |c Open Shelf   |e Default branch 
999 |a 0000005477   |b Monograph   |c Open Shelf   |e Default branch